000 00708cam a2200277 4500
008 090401t1998 xxu||||| |||| 00| 0 eng d
020 _a0721901271
035 _a(Sirsi) u85752
041 _aeng
050 _a346.410438
100 _aBoothroyd, Jan E.
245 _aGarner's local land charges.
250 _a12th ed.
260 _aCrayford, Kent
_bShaw & Sons
_c1998
300 _a252p. ; 21cm.
350 _a26.95
520 _aThis edition by Jan Boothroyd.
520 _aSuperceded by 13th ed (ISBN 072190128x)
650 _aCONVEYANCING
650 _aLAND CHARGES
650 _aHM LAND REGISTRY
690 _aLAND
700 _aGarner, J.F.
942 _n0
948 _c22/04/1998
999 _c97073
_d97073